000 01232nam0a22003011 4500
001 rc\749278
005 20260406063902.0
035 _a(NLR Aleph) 006277918
090 _a7018740
_c7018740
100 _a20040301d1985 |||y0rusy50 ca
101 0 _arus
102 _aRU
105 _ay |||||||||
200 1 _aК вопросу о повышенном выходе испарительных d-частиц в реакциях с тяжелыми ионами
_fВ.В. Волков , С.Н. Ершов, С.П. Иванова
210 _aДубна
_cОИЯИ
_d1985
215 _a8 с.
_d21
225 1 _aПрепринт
_fОбъед. ин-т ядер. исслед.
_vР4-85-188
300 _aРез. на англ. яз.
320 _aБиблиогр.: с. 6-7
700 1 _aВолков
_bВ.В.
_gВадим Васильевич
701 1 _aЕршов
_bС.Н.
_gСергей Николаевич
701 1 _8rus
_7ca
_aИванова
_bС. П.
_cканд. физ.-мат. наук, ядер. физика
_f1941-2007
_gСветлана Петровна
_3RU\NLR\AUTH\7713811
_9123493
801 0 _aRU
_bNLR
_gpsbo
801 1 _aRU
_bELAR
_2rusmarc
852 _aNLR
_j85-6/6414
942 _cBOOK
980 _aNB